LEADER 00889nam0 2200277 450 001 000016552 005 20080925152211.0 100 $a20080925d1973----km-y0itay50------ba 101 1 $aita$ceng 102 $aIT 105 $ay-------001yy 200 1 $aLavoro produttivo e domanda effettiva$econ una critica dell'economia keynesiana$fSydney H. Coontz 210 $aMilano$cFranco Angeli$dc1973 215 $a211 p.$d23 cm 225 2 $aEconomia$hSez. 3$v7 300 $aTrad. di Enrico Facchini. 410 0$12001$aEconomia 454 0$1001000016553 610 1 $aEconomia$aTeorie 676 $a331.01$v20$9Economia del lavoro. Filosofia e teoria 700 1$aCoontz,$bSydney H.$0103459 801 0$aIT$bUNIPARTHENOPE$c20080925$gRICA$2UNIMARC 912 $a000016552 951 $a020/158$b1671$cNAVA2 996 $aLavoro produttivo e domanda effettiva$9581755 997 $aUNIPARTHENOPE LEADER 01605nam2 22003613i 450 001 LO10450787 005 20231121125520.0 010 $a888584300X 100 $a19981013d1986 ||||0itac50 ba 101 | $aita 102 $ait 181 1$6z01$ai $bxxxe 182 1$6z01$an 200 1 $a˜La œcamera lirica$estoria e tendenze della diffusione dell'opera lirica attraverso la televisione$fGiovanni Buttafava, Aldo Grasso 210 $aMilano$cAmici della Scala$d1986 215 $a103 p.$cill.$d27 cm. 461 1$1001RAV0100993$12001 $aMusica e teatro$equaderni degli Amici della Scala$esemestrale di ricerca scientifica$v2 606 $aOpera in musica$xTrasmissioni televisive$xItalia$x1955-1985$2FIR$3RMLC412584$9I 606 $aOpera in musica$xRappresentazioni$xTrasmissioni televisive$2FIR$3RMLC107495$9I 606 $aTrasmissioni televisive musicali$xOpera in musica$2FIR$3RMLC107496$9I 676 $a791.45657$9$v21 700 1$aButtafava$b, Giovanni$3CFIV008799$4070$0222425 701 1$aGrasso$b, Aldo$3CFIV054568$4070$040244 790 1$aButtafava$b, Gianni$3CFIV009184$zButtafava, Giovanni 801 3$aIT$bIT-01$c19981013 850 $aIT-RM028 $aIT-FR0017 899 $aBiblioteca Universitaria Alessandrina$bRM028 899 $aBiblioteca umanistica Giorgio Aprea$bFR0017 $eN 912 $aLO10450787 950 2$aBiblioteca umanistica Giorgio Aprea$d 52MAG OPU 597$e 52MAG0000122965 VMN RS $fA $h20180323$i20180323 977 $a 01$a 52 996 $aCamera lirica$93608356 997 $aUNICAS